[Event "AUTO-OPEN-1883"]
[Site "http://www.queenalice.com/game.php?id=732903"]
[Date "2010.2.16"]
[Round "1"]
[White "cunha"]
[Black "Luciano_Matte"]
[Result "1-0"]
[WhiteElo "2654"]
[BlackElo "2131"]

1. e4 e6 2. d4 d5 3. Nc3 dxe4 4. Nxe4 Nd7 5. Nf3 Ngf6 6. Nxf6+ Nxf6 7. Bd3 Bd6
8. O-O h6 9. Re1 O-O 10. Ne5 c5 11. dxc5 Bxc5 12. Qf3 Qd5 13. Qg3 Kh8 14. Qh3
Bd4 15. Bxh6 1-0

[Event "AUTO-OPEN-1883"]
[Site "http://www.queenalice.com/game.php?id=732904"]
[Date "2010.2.16"]
[Round "1"]
[White "Luciano_Matte"]
[Black "cunha"]
[Result "0-1"]
[WhiteElo "2117"]
[BlackElo "2656"]

1. Nf3 Nf6 2. c4 e6 3. Nc3 c5 4. d4 cxd4 5. Nxd4 Nc6 6. Ndb5 d6 7. e4 a6 8. Nd4
Bd7 9. Be3 Rc8 10. Be2 Na5 11. b3 b5 12. cxb5 Rxc3 13. bxa6 Nxe4 14. Rc1 d5 15.
Nb5 Rxc1 16. Qxc1 Bb4+ 17. Kf1 O-O 18. f3 Bxb5 19. Bxb5 d4 20. fxe4 dxe3 0-1

[Event "AUTO-OPEN-1883"]
[Site "http://www.queenalice.com/game.php?id=732927"]
[Date "2010.2.16"]
[Round "1"]
[White "Luciano_Matte"]
[Black "vininetto"]
[Result "0-1"]
[WhiteElo "2109"]
[BlackElo "1816"]

1. c4 e6 2. Nf3 c6 3. d4 d5 4. e3 Nf6 5. Be2 Bd6 6. O-O O-O 7. Nc3 a6 8. cxd5
cxd5 9. a3 Nc6 10. b4 Bd7 11. Bd2 Rc8 12. Na4 Ne4 13. Bd3 Nxd2 14. Nxd2 e5 15.
dxe5 Nxe5 16. Be2 Qg5 17. f4 Qh6 18. fxe5 Bxe5 19. Nf3 Bxa4 20. Qxa4 Qxe3+ 21.
Kh1 Bxa1 22. Rxa1 Qxe2 23. Re1 Qb2 0-1

[Event "AUTO-OPEN-1883"]
[Site "http://www.queenalice.com/game.php?id=732928"]
[Date "2010.2.16"]
[Round "1"]
[White "vininetto"]
[Black "Luciano_Matte"]
[Result "0-1"]
[WhiteElo "1877"]
[BlackElo "2084"]

1. e4 e6 2. d4 d5 3. e5 c5 4. c3 Nc6 5. Nf3 Bd7 6. Be2 cxd4 7. cxd4 Nge7 8. Na3
Nf5 9. Nc2 Nb4 10. O-O Nxc2 11. Qxc2 Rc8 12. Qb3 Bc6 13. Bd3 Ne7 14. Bg5 h6 15.
Bh4 Qa5 16. Rac1 Nf5 17. Bg3 Nxg3 18. hxg3 Be7 19. a3 O-O 20. Rc3 Ba4 21. Qxb7
Rxc3 22. bxc3 Bxa3 23. c4 dxc4 24. Bxc4 Rd8 25. Qe4 Bb5 26. Bd3 Bxd3 27. Qxd3
Bc5 28. Rb1 Bb6 29. Rb5 Qa6 30. Qb1 Qa4 31. Rb4 Qc6 32. Rb2 g5 33. Rb4 g4 34.
Ne1 Bxd4 0-1

[Event "AUTO-OPEN-1883"]
[Site "http://www.queenalice.com/game.php?id=732929"]
[Date "2010.2.16"]
[Round "1"]
[White "Luciano_Matte"]
[Black "narutoninja"]
[Result "1-0"]
[WhiteElo "2092"]
[BlackElo "1567"]

1. c4 e5 2. Nc3 Nf6 3. g3 Nc6 4. Bg2 Bb4 5. a3 Ba5 6. b4 Bxb4 7. axb4 Nxb4 8. d4
exd4 9. Nd5 Nbxd5 10. cxd5 d6 11. Qxd4 O-O 12. Bg5 c5 13. dxc6 bxc6 14. Bxc6 Rb8
15. Nf3 Bd7 16. Bxd7 Qxd7 17. Bxf6 gxf6 18. O-O Qe6 19. Rxa7 Qxe2 20. Qxf6 Rb3
21. Ng5 Qc2 22. Rxf7 Rbb8 23. Qg7# 1-0

[Event "AUTO-OPEN-1883"]
[Site "http://www.queenalice.com/game.php?id=732930"]
[Date "2010.2.16"]
[Round "1"]
[White "narutoninja"]
[Black "Luciano_Matte"]
[Result "0-1"]
[WhiteElo "1468"]
[BlackElo "2084"]

1. e4 e6 2. Nf3 d5 3. Nc3 dxe4 4. Nxe4 Nd7 5. Bb5 c6 6. Bc4 Ngf6 7. Nxf6+ Nxf6
8. O-O Bd6 9. d3 h6 10. Re1 O-O 11. Bd2 b5 12. Bb3 Bb7 13. Nh4 c5 14. a3 Qc7 15.
Bc3 Bxh2+ 16. Kf1 Qf4 17. Nf3 Ng4 18. Nxh2 Qxf2# 0-1

[Event "CARO KANN  E4 C6"]
[Site "http://www.queenalice.com/game.php?id=739250"]
[Date "2010.3.1"]
[Round "3"]
[White "Poirot"]
[Black "Luciano_Matte"]
[Result "0-1"]
[WhiteElo "1826"]
[BlackElo "2102"]

1. e4 e6 2. d4 c6 3. Nf3 d5 4. Nc3 Bb4 5. Bd2 Bxc3 6. Bxc3 dxe4 7. Nd2 Nf6 8.
Qe2 Qd5 9. f3 exf3 10. gxf3 a5 11. Rg1 g6 12. Ne4 Nh5 13. Qd2 Nd7 14. Be2 Ndf6
15. Nc5 b6 16. Nd3 Ba6 17. Nf4 Nxf4 18. Qxf4 Nh5 19. Qc7 Bxe2 20. Kxe2 O-O 21.
Qxb6 Nf6 22. Qc5 Qxc5 23. dxc5 Nd5 24. Bd2 Rab8 25. b3 Nb4 26. Bxb4 axb4 27. Kd3
Rfd8+ 28. Kc4 Rd2 29. c3 bxc3 30. Kxc3 Rxh2 31. b4 Rf2 32. Rg3 h5 33. Rh3 g5 34.
Rxh5 Rxf3+ 35. Kd4 Rxb4+ 36. Ke5 Kf8 37. Rxg5 f6+ 0-1

[Event "AUTO-OPEN-1971"]
[Site "http://www.queenalice.com/game.php?id=773181"]
[Date "2010.5.9"]
[Round "1"]
[White "Luciano_Matte"]
[Black "mouderjr"]
[Result "0-1"]
[WhiteElo "2107"]
[BlackElo "1911"]

1. c4 c5 2. Nc3 Nc6 3. Nf3 Nf6 4. g3 g6 5. Bg2 Bg7 6. d4 cxd4 7. Nxd4 e5 8. Ndb5
O-O 9. Bg5 h6 10. Bc1 Ne8 11. O-O d6 12. Ne4 Nd4 13. Nxd4 exd4 14. Nd2 Qb6 15.
Nf3 Be6 16. Qb3 Qc7 17. Bf4 Rc8 18. Rac1 g5 19. Nxg5 hxg5 20. Bxg5 b6 21. Qf3
Qc5 22. h4 f6 23. Bd2 f5 24. Qh5 Nf6 25. Qg6 Bf7 26. Qg5 Nh7 27. Qf4 Rce8 28. e4
Bg6 29. exf5 Bxf5 30. Qf3 Be4 31. Qb3 Bxg2 32. Kxg2 Re2 33. Bb4 Qf5 34. c5+ Kh8
35. Be1 dxc5 0-1

[Event "AUTO-OPEN-1971"]
[Site "http://www.queenalice.com/game.php?id=773182"]
[Date "2010.5.9"]
[Round "1"]
[White "mouderjr"]
[Black "Luciano_Matte"]
[Result "0-1"]
[WhiteElo "1935"]
[BlackElo "2085"]

1. d4 Nf6 2. c4 d6 3. Nc3 g6 4. Bg5 Bg7 5. Qc1 c5 6. Nf3 Nc6 7. e3 h6 8. Bxf6
Bxf6 9. d5 Ne5 10. Nxe5 Bxe5 11. f4 Bg7 12. Bd3 a6 13. O-O O-O 14. f5 g5 15. Ne4
Be5 16. Rb1 Bd7 17. Qd1 Kg7 18. h4 f6 19. b3 b5 20. Kf2 Qe8 21. Be2 Bxf5 22. Bd3
Bg6 23. Ke1 f5 24. Nf2 e6 25. hxg5 hxg5 26. Nh3 exd5 27. cxd5 Bg3+ 28. Kd2 f4
29. exf4 Bxd3 30. Kxd3 Qg6+ 31. Kc3 Rae8 32. Nxg5 Re3+ 33. Kb2 Qf6+ 34. Ka3 b4+
35. Ka4 Qd8 36. Ne6+ Rxe6 37. Qd3 Qd7+ 38. Ka5 Qd8+ 39. Ka4 Rg6 40. Rf3 Bh4 41.
g3 Qd7+ 42. Ka5 Bd8+ 0-1

[Event "AUTO-OPEN-1971"]
[Site "http://www.queenalice.com/game.php?id=773183"]
[Date "2010.5.9"]
[Round "1"]
[White "Luciano_Matte"]
[Black "PU1JQF"]
[Result "1-0"]
[WhiteElo "2106"]
[BlackElo "1180"]

1. c4 Nc6 2. d4 d6 3. d5 e6 4. dxc6 bxc6 5. e4 e5 6. Nc3 Nf6 7. Bd3 Be6 8. Nge2
Qb8 9. O-O Rg8 10. f4 exf4 11. Nxf4 Bg4 12. Qe1 Qb4 13. h3 Bd7 14. a3 Qc5+ 15.
Be3 Qg5 16. Nfd5 Qh5 17. Rxf6 gxf6 18. Nxf6+ Ke7 19. Nxh5 Rb8 20. Qf2 c5 21.
Qf6+ Ke8 22. Nd5 Rxb2 23. Nxc7# 1-0

[Event "AUTO-OPEN-1971"]
[Site "http://www.queenalice.com/game.php?id=773184"]
[Date "2010.5.9"]
[Round "1"]
[White "PU1JQF"]
[Black "Luciano_Matte"]
[Result "0-1"]
[WhiteElo "1184"]
[BlackElo "2095"]

1. d4 Nf6 2. e3 d5 3. Nc3 Bf5 4. Nf3 e6 5. Bd3 Bxd3 6. Qxd3 c6 7. Bd2 Bd6 8. Ng5
h6 9. Nxe6 fxe6 10. Qg6+ Kf8 11. O-O Qe8 12. Qxe8+ Kxe8 13. Na4 Nbd7 14. Ba5 b6
15. Nxb6 axb6 16. Bc3 Ne4 17. Be1 e5 18. f3 Nef6 19. c3 Ke7 20. f4 e4 21. Bh4 c5
22. dxc5 bxc5 23. Rfd1 Ke6 24. Rf1 Kf5 25. h3 h5 26. g4+ hxg4 27. Kg2 Rxh4 28.
b4 Rxh3 29. Rf2 Rxe3 30. Rd2 Bxf4 31. Rad1 Rh8 32. a4 Rh2+ 33. Kf1 Rxd2 34. Rxd2
Rf3+ 35. Rf2 Rxf2+ 36. Kxf2 cxb4 37. cxb4 d4 38. a5 Nd5 39. a6 N7b6 40. Ke2 Nxb4
41. Kd1 g3 42. Ke1 d3 43. Kd1 g2 0-1

[Event "CARO KANN  E4 C6"]
[Site "http://www.queenalice.com/game.php?id=798955"]
[Date "2010.7.5"]
[Round "4"]
[White "Luciano_Matte"]
[Black "cardosorafael"]
[Result "1-0"]
[WhiteElo "2101"]
[BlackElo "1862"]

1. e4 c6 2. d4 d5 3. Nc3 g6 4. e5 Bf5 5. g4 Bd7 6. Bg5 Bg7 7. f4 Qb6 8. Na4 Qc7
9. Be2 f6 10. Bh4 Nh6 11. h3 O-O 12. Nf3 fxe5 13. fxe5 e6 14. Qd2 Be8 15. Nc5
Bf7 16. O-O Nd7 17. Be7 Nxc5 18. Bxc5 Rfe8 19. Bd6 Qd7 20. Ng5 b6 21. Rf2 Bf8
22. Bxf8 Rxf8 23. Raf1 Rac8 24. Rf6 c5 25. c3 cxd4 26. cxd4 Rc7 27. Nxe6 1-0

[Event "AUTO-OPEN-1971"]
[Site "http://www.queenalice.com/game.php?id=845227"]
[Date "2010.10.13"]
[Round "2"]
[White "PlinioSalgado"]
[Black "Luciano_Matte"]
[Result "1/2-1/2"]
[WhiteElo "1897"]
[BlackElo "2112"]

1. e4 e6 2. d4 d5 3. Nd2 dxe4 4. Nxe4 Nd7 5. Nf3 Ngf6 6. Bd3 Nxe4 7. Bxe4 Nf6 8.
Bg5 Be7 9. Bd3 h6 10. Bh4 Bd7 11. O-O Nd5 12. Bg3 Bd6 13. Ne5 Qe7 14. Qh5 Nf6
15. Qf3 c6 16. Rad1 Nd5 17. Qh5 Nf6 18. Qf3 1/2-1/2

[Event "AUTO-OPEN-1971"]
[Site "http://www.queenalice.com/game.php?id=845228"]
[Date "2010.10.13"]
[Round "2"]
[White "Luciano_Matte"]
[Black "PlinioSalgado"]
[Result "1-0"]
[WhiteElo "2106"]
[BlackElo "1910"]

1. c4 Nf6 2. Nc3 g6 3. d4 d5 4. Nf3 Bg7 5. e3 O-O 6. Be2 Bg4 7. cxd5 Nxd5 8.
Nxd5 Qxd5 9. O-O Nc6 10. h3 Bf5 11. Nd2 e5 12. Bc4 Qd7 13. d5 Na5 14. Bb3 Rad8
15. e4 Nxb3 16. Qxb3 Bxh3 17. Qxh3 1-0

[Event "AUTO-OPEN-1971"]
[Site "http://www.queenalice.com/game.php?id=845241"]
[Date "2010.10.13"]
[Round "2"]
[White "Luciano_Matte"]
[Black "ishamael13"]
[Result "1-0"]
[WhiteElo "2106"]
[BlackElo "1926"]

1. Nf3 d5 2. d4 e6 3. b3 c5 4. Bb2 Nf6 5. Nbd2 Nc6 6. e3 Be7 7. Be2 O-O 8. O-O
b6 9. c4 Bb7 10. Rc1 Rc8 11. Ne5 Bd6 12. Ndf3 Nd7 13. cxd5 exd5 14. Nxd7 Qxd7
15. dxc5 Bxc5 16. Bb5 Qe6 17. Ng5 Qg6 18. h4 h6 19. Bd3 f5 20. Nh3 Bd6 21. Qf3
Ne5 22. Bxe5 Bxe5 23. Rxc8 Bxc8 24. Qxd5+ Be6 25. Qxe5 Rd8 26. Nf4 Qf7 27. Qxe6
1-0

[Event "AUTO-OPEN-1971"]
[Site "http://www.queenalice.com/game.php?id=845242"]
[Date "2010.10.13"]
[Round "2"]
[White "ishamael13"]
[Black "Luciano_Matte"]
[Result "1-0"]
[WhiteElo "1917"]
[BlackElo "2095"]

1. d4 Nf6 2. e3 d6 3. Be2 g6 4. Nf3 Bg7 5. O-O O-O 6. Nc3 c5 7. Re1 a6 8. a3 b5
9. b4 c4 10. Bb2 Bb7 11. Nd2 d5 12. Bf3 Nbd7 13. e4 dxe4 14. Ndxe4 Nxe4 15. Nxe4
Rb8 16. c3 Nf6 17. Nc5 Bxf3 18. Qxf3 Qd6 19. a4 Ra8 20. Bc1 Nd5 21. Bg5 e6 22.
Ne4 Qc7 23. a5 e5 24. Nf6+ Bxf6 25. Bxf6 Nxf6 26. Qxf6 exd4 27. cxd4 Ra7 28. d5
Rd8 29. Rad1 Rd6 30. Re8# 1-0

[Event "CARO KANN  E4 C6"]
[Site "http://www.queenalice.com/game.php?id=853975"]
[Date "2010.11.3"]
[Round "5"]
[White "Josecarlos"]
[Black "Luciano_Matte"]
[Result "1-0"]
[WhiteElo "1947"]
[BlackElo "2113"]

1. e4 e6 2. d4 c6 3. Nf3 d5 4. e5 c5 5. c4 cxd4 6. Nxd4 a6 7. a3 Nc6 8. Nxc6
bxc6 9. b4 a5 10. b5 Qc7 11. Bb2 dxc4 12. Bxc4 Bb7 13. O-O Bc5 14. Qg4 Kf8 15.
Qf4 Qe7 16. Nd2 h5 17. Ne4 Ba7 18. bxc6 Bxc6 19. a4 Rb8 20. Ba3 1-0

[Event "AUTO-OPEN-1971"]
[Site "http://www.queenalice.com/game.php?id=862842"]
[Date "2010.11.23"]
[Round "3"]
[White "Luciano_Matte"]
[Black "PlinioSalgado"]
[Result "1-0"]
[WhiteElo "2044"]
[BlackElo "1913"]

1. Nf3 Nf6 2. c4 g6 3. Nc3 d5 4. cxd5 Nxd5 5. g3 Bg7 6. Bg2 O-O 7. O-O c6 8. a3
Nd7 9. Nxd5 cxd5 10. d4 Nb6 11. Bf4 Bd7 12. b3 Bb5 13. Re1 Rc8 14. Rc1 Qd7 15.
Qd2 Rc6 16. a4 Ba6 17. Rxc6 bxc6 18. Rc1 Rc8 19. Ne5 Qe6 20. Qa5 Bxe2 21. Qxa7
Bxe5 22. Bxe5 Nd7 23. Bf4 Nf6 24. Re1 Nh5 25. Bd2 Qg4 26. h3 Qe6 27. Bf1 1-0

[Event "AUTO-OPEN-1971"]
[Site "http://www.queenalice.com/game.php?id=862843"]
[Date "2010.11.23"]
[Round "3"]
[White "PlinioSalgado"]
[Black "Luciano_Matte"]
[Result "1-0"]
[WhiteElo "1890"]
[BlackElo "2067"]

1. e4 e6 2. d4 d5 3. Nd2 dxe4 4. Nxe4 Nf6 5. Nxf6+ Qxf6 6. Nf3 h6 7. Bd3 Bd6 8.
O-O c6 9. c3 Nd7 10. Re1 O-O 11. Be3 b6 12. Qd2 Bb7 13. a4 c5 14. a5 Bxf3 15.
gxf3 Qxf3 16. axb6 cxd4 17. Bxd4 Bf4 18. Qc2 Nf6 19. Bxf6 gxf6 20. Be4 Qg4+ 21.
Kh1 Kh8 22. Rg1 Qh4 23. f3 Rad8 24. Rg4 Qh5 25. Rxf4 Rg8 26. bxa7 f5 27. a8=Q
1-0

[Event "AUTO-OPEN-1971"]
[Site "http://www.queenalice.com/game.php?id=862845"]
[Date "2010.11.23"]
[Round "3"]
[White "uracile"]
[Black "Luciano_Matte"]
[Result "1-0"]
[WhiteElo "2268"]
[BlackElo "2055"]

1. e4 e6 2. Nf3 d5 3. exd5 exd5 4. Nc3 Nf6 5. d4 Bb4 6. Bd3 O-O 7. O-O Bg4 8.
Bg5 c6 9. h3 Bh5 10. g4 Bg6 11. Ne5 Bxd3 12. Qxd3 Be7 13. Rae1 Nbd7 14. Qf5 g6
15. Qf3 Kg7 16. Qf4 Re8 17. Bh6+ 1-0